| 000 | 00383cam a22001337a 4500 | ||
|---|---|---|---|
| 008 | 180718b1972 xxu||||| |||| 00| 0 eng d | ||
| 082 | _aZ000x54 Sa14 | ||
| 100 | _aSachchidanada | ||
| 245 |
_aSocial dimensions of agricultural development _cby Sachchidananda |
||
| 260 |
_aDelhi _bNational _c1972 |
||
| 300 | _a197p. | ||
| 500 | _aRs.30.00 | ||
| 650 | _aAgricultural Development - India | ||
| 999 |
_c353119 _d353119 |
||